The Prose Works of Jonathan Swift, D.D. — Volume 10 : (Record no. 242295)
[ view plain ]
| 000 -LEADER | |
|---|---|
| fixed length control field | 01164cam a22002773a 4500 |
| 001 - CONTROL NUMBER | |
| control field | 13040 |
| 003 - CONTROL NUMBER IDENTIFIER | |
| control field | PGUSA |
| 005 - DATE AND TIME OF LATEST TRANSACTION | |
| control field | 20140828083300.0 |
| 008 - FIXED-LENGTH DATA ELEMENTS--GENERAL INFORMATION | |
| fixed length control field | 040728s2004||||xxu|||||s|||||000 | eng d |
| 040 ## - CATALOGING SOURCE | |
| Original cataloging agency | PGUSA |
| Language of cataloging | eng |
| 042 ## - AUTHENTICATION CODE | |
| Authentication code | dc |
| 050 #4 - LIBRARY OF CONGRESS CALL NUMBER | |
| Classification number | PR |
| 100 1# - MAIN ENTRY--PERSONAL NAME | |
| Personal name | Swift, Jonathan, |
| Dates associated with a name | 1667-1745 |
| 245 14 - TITLE STATEMENT | |
| Title | The Prose Works of Jonathan Swift, D.D. — Volume 10 : |
| Remainder of title | Historical Writings |
| Medium | [electronic resource] / |
| Statement of responsibility, etc | Jonathan Swift |
| 260 ## - PUBLICATION, DISTRIBUTION, ETC. (IMPRINT) | |
| Name of publisher, distributor, etc | Project Gutenberg, |
| Date of publication, distribution, etc | 2004 |
| 505 0# - FORMATTED CONTENTS NOTE | |
| Formatted contents note | The history of the four last years of the Queen -- An abstract of the history of England -- Remarks on the characters of the court of Queen Anne -- Remarks on Lord Clarendon's "History of the rebellion" -- Remarks on Bishop Burnet's "History of his own time" -- Notes on the "Freeholder." |
| 506 ## - RESTRICTIONS ON ACCESS NOTE | |
| Terms governing access | Public domain in the USA. |
| 516 ## - TYPE OF COMPUTER FILE OR DATA NOTE | |
| Type of computer file or data note | Electronic text |
| 653 ## - INDEX TERM--UNCONTROLLED | |
| Uncontrolled term | Anne, Queen of Great Britain, 1665-1714 |
| 653 ## - INDEX TERM--UNCONTROLLED | |
| Uncontrolled term | Great Britain -- History -- Anne, 1702-1714 |
| 653 ## - INDEX TERM--UNCONTROLLED | |
| Uncontrolled term | Spanish Succession, War of, 1701-1714 |
| 700 1# - ADDED ENTRY--PERSONAL NAME | |
| Personal name | Scott, Temple, |
| Dates associated with a name | 1864-1939 |
| 830 #0 - SERIES ADDED ENTRY--UNIFORM TITLE | |
| Uniform title | Project Gutenberg |
| Volume number/sequential designation | 13040 |
| 856 40 - ELECTRONIC LOCATION AND ACCESS | |
| Uniform Resource Identifier | <a href="http://www.gutenberg.org/ebooks/13040">http://www.gutenberg.org/ebooks/13040</a> |
| 942 ## - ADDED ENTRY ELEMENTS (KOHA) | |
| Koha item type | eBooks |
| Withdrawn status | Lost status | Damaged status | Home library | Current library | Date acquired | Total Checkouts | Date last seen | Price effective from | Koha item type |
|---|---|---|---|---|---|---|---|---|---|
| Project Gutenberg | Project Gutenberg | 08/28/2014 | 08/28/2014 | 08/28/2014 | eBooks |